| 000 | 00514nam a22001937a 4500 | ||
|---|---|---|---|
| 003 | CEME | ||
| 005 | 20210628202149.0 | ||
| 008 | 210225b xxu||||| |||| 00| 0 eng d | ||
| 020 | _a0-262-02393-7 | ||
| 040 | _c. | ||
| 082 | _a005.1 COM | ||
| 100 |
_aStein, C Cormen, Thomas. H Rivest, Ronald.L _958544 |
||
| 245 | _aIntroduction to algorithms | ||
| 250 | _a2ND | ||
| 260 |
_aCAMBRIDGE _bTHE MIT PRESS _c2001 |
||
| 300 | _aXXI,1180P | ||
| 650 |
_aALGORITHM ALGORITHMS-INTRODUCTION _958545 |
||
| 942 |
_cBK _2ddc |
||
| 999 |
_c568725 _d568725 |
||